| 000 | 00647nam a22002057a 4500 | ||
|---|---|---|---|
| 001 | 522 | ||
| 003 | KOHA_MİRAKIL | ||
| 005 | 20250617080515.0 | ||
| 008 | 230712b tu ||||| |||| 00| 0 tur d | ||
| 020 | _a975-486-885-9 | ||
| 040 |
_aTR-AnANB _btur _cTR-AnANB |
||
| 090 | _aKadın Hakları ve Toplumsal Cinsiyet-166 | ||
| 100 | _aYüksel, Melek Onaran. | ||
| 245 | 0 |
_aKarşılaştırmalı Hukuk Işığında Türk İş Hukukunda Kadı Erkek Eşitliği / _cMelek Onaran Yüksel. |
|
| 250 | _a1.Basım | ||
| 260 |
_aİstanbul: _bBeta Yayınevi, _c2000. |
||
| 300 | _a400 Sayfa | ||
| 650 | _aKadın Hakları ve Toplumsal Cinsiyet | ||
| 942 |
_2ddc _cBK |
||
| 999 |
_c520 _d520 |
||